书目信息 |
| 题名: |
新时期政治教师基本功
|
|
| 作者: | 高瑛 主编 | |
| 分册: | 综合素养篇 | |
| 出版信息: | 上海 上海教育出版社 2017 |
|
| 页数: | 133页 | |
| 开本: | 24cm | |
| 丛书名: | ||
| 单 册: | ||
| 中图分类: | G633.202 | |
| 科图分类: | ||
| 主题词: | 政治课--教学研究--中学 | |
| 电子资源: | ||
| ISBN: | 978-7-5444-7530-3 | |
| 000 | 00870nam0 2200241 450 | |
| 001 | 417646 | |
| 005 | 20180527223714.30 | |
| 010 | @a978-7-5444-7530-3@dCNY28.00 | |
| 100 | @a20171018d2017 em y0chiy50 ea | |
| 101 | 0 | @achi |
| 102 | @aCN@b310000 | |
| 105 | @ay z 000yy | |
| 200 | 1 | @a新时期政治教师基本功@9xin shi qi zheng zhi jiao shi ji ben gong@i综合素养篇@f高瑛主编 |
| 210 | @a上海@c上海教育出版社@d2017 | |
| 215 | @a133页@d24cm | |
| 300 | @a求本筑基集/方培君主编 | |
| 300 | @a本专著受上海市教师专业发展工程领导小组办公室资助 | |
| 330 | @a本书涵盖了教师专业和职业发展的方方面面,包括终身学习、教学科研、课堂评价、教学反思、撰写微课程脚本、制作微课程视频、教学机智、开设自主拓展型课程等。 | |
| 606 | 0 | @a政治课@x教学研究@x中学 |
| 690 | @aG633.202@v5 | |
| 701 | 0 | @a高瑛@9gao ying@4主编 |
| 801 | 0 | @aCN@b91MARC@c20171018 |
| 905 | @aMuseLib@dG633.202@e136 | |
| 新时期政治教师基本功.综合素养篇/高瑛主编.-上海:上海教育出版社,2017 |
| 133页;24cm |
| 求本筑基集/方培君主编.-本专著受上海市教师专业发展工程领导小组办公室资助 |
| ISBN 978-7-5444-7530-3:CNY28.00 |
| 本书涵盖了教师专业和职业发展的方方面面,包括终身学习、教学科研、课堂评价、教学反思、撰写微课程脚本、制作微课程视频、教学机智、开设自主拓展型课程等。 |
| ● |
| 相关链接 |
|
|
|
|
正题名:新时期政治教师基本功
索取号:G633.202/136
 
预约/预借
| 序号 | 登录号 | 条形码 | 馆藏地/架位号 | 状态 | 备注 |
| 1 | 1112263 | 211122630 | 第一样本阅览室/ [索取号:G633.202/136] | 在馆 | |
| 2 | 1112264 | 211122649 | 教育系资料室/ [索取号:G633.202/136] | 在馆 | |
| 3 | 1112265 | 211122658 | 教育系资料室/ [索取号:G633.202/136] | 在馆 | |
| 4 | 1112266 | 211122667 | 第四借阅区/ [索取号:G633.202/136] | 在馆 |